Statistics for Guess 25 Sporting Lisbon footballers by image

Click here to take the quiz!

General Stats

  • This quiz has been taken 67 times
  • The average score is 19 of 25

Answer Stats

Answer% Correct
Cristiano Ronaldo
100%
Bruno Fernandes
96%
Héctor Bellerin
93%
Nani
93%
Peter Schmeichel
93%
Raphinha
89%
Eric Dier
88%
William Carvalho
88%
Fabio Coentrão
86%
João Mario
86%
Rafael Leao
84%
Rui Patricio
84%
Luis Figo
82%
Marcos Acuna
79%
Ricardo Quaresma
75%
Islam Slimani
71%
Jeremy Mathieu
70%
Pablo Sarabia
70%
Sebastian Coates
70%
Joao Moutinho
68%
Nuno Mendes
66%
Bas Dost
64%
Marcos Rojo
59%
Pedro Goncalves
54%
Miguel Veloso
34%

Score Distribution

Percentile by Number Answered

Percent of People with Each Score

Your Score History

You have not taken this quiz